LEADER 00725nam0-22002771i-450- 001 990000006760403321 035 $a000000676 035 $aFED01000000676 035 $a(Aleph)000000676FED01 035 $a000000676 100 $a20011111d--------km-y0itay50------ba 101 0 $aita 105 $ay-------001yy 200 1 $aVibrations acoustique$fEugene Darmois. 210 $aParis$cSociete d'edition d'enseignement superieur$d1948 215 $a280 p.$cill.$d25 cm 610 0 $aAcustica 676 $a534 700 1$aDarmois,$bEugène 801 0$aIT$bUNINA$gRICA$2UNIMARC 901 $aBK 912 $a990000006760403321 952 $a13 B 46 04$b19167$fFINBC 959 $aFINBC 997 $aUNINA DB $aING01 LEADER 01324nam--2200397---450 001 990005945780203316 005 20180912113710.0 010 $a978-88-916-0013-4 035 $a000594578 035 $aUSA01000594578 035 $a(ALEPH)000594578USA01 035 $a000594578 100 $a20140502d2014----km-y0itay50------ba 101 $aita 102 $aIT 105 $a||||||||001yy 200 1 $a<> minori nei servizi demografici$ela riforma della filiazione e gli adempimenti in materia di stato civile e anagrafe$eaggiornato con il D.Lgs. 28 dicembre 2013, n. 154$fRenzo Calvigioni, Liliana Palmieri, Tiziana Piola 210 $aSantarcangelo di Romagna$cMaggioli$d2014 215 $a288 p.$d24 cm$e1 CD-ROM 410 0$12001 454 1$12001 461 1$1001-------$12001 606 0 $aMinori$xTutela$xDiritto di famiglia$2BNCF 676 $a346.45015 700 1$aCALVIGIONI,$bRenzo$0542165 701 1$aPALMIERI,$bLiliana$0598585 702 1$aPIOLA,$bTiziana 801 0$aIT$bsalbc$gISBD 912 $a990005945780203316 951 $aXXV.1.L. 587$b79708 G.$cXXV.1.L.$d00354565 959 $aBK 969 $aGIU 979 $aFIORELLA$b90$c20140502$lUSA01$h0946 979 $aFIORELLA$b90$c20140502$lUSA01$h0950 996 $aMinori nei servizi demografici$91072146 997 $aUNISA LEADER 01682nam 2200385z- 450 001 9910694315003321 005 20141115080347.0 035 $a(CKB)5860000000035289 035 $a(BIP)016449203 035 $a(EXLCZ)995860000000035289 100 $a20220406c2007uuuu -u- - 101 0 $aeng 200 10$aTransit and rail security $ejoint hearing before the Subcommittee on Highways and Transit and the Subcommittee on Railroads, Pipelines, and Hazardous Materials of the Committee on Transportation and Infrastructure, House of Representatives, One Hundred Tenth Congress, first session, March 7, 2007 215 $a1 online resource (v, 175 p.) 311 $a0-16-079447-1 517 $aTransit and Rail Security 606 $aTransportation$xSecurity measures$zUnited States 606 $aRailroads$xSecurity measures$zUnited States 606 $aRailroads$xPassenger traffic$xSecurity measures$zUnited States 606 $aLocal transit$xSecurity measures$zUnited States 606 $aBus lines$xSecurity measures$zUnited States 610 $aTransportation 610 $aRailroads 610 $aLocal transit 610 $aBus lines 615 0$aTransportation$xSecurity measures 615 0$aRailroads$xSecurity measures 615 0$aRailroads$xPassenger traffic$xSecurity measures 615 0$aLocal transit$xSecurity measures 615 0$aBus lines$xSecurity measures 712 02$aUnited States.$bCongress.$bHouse.$bCommittee on Transportation and Infrastructure.$bSubcommittee on Railroads, Pipelines, and Hazardous Materials. 906 $aBOOK 912 $a9910694315003321 996 $aTransit and rail security$93188648 997 $aUNINA